Top 20 World Cities with Seven Letters - Statistics

General Stats
  • This quiz has been taken 214 times
  • The average score is 13 of 20
Answer Stats
Population Country City % Correct
28.1 mil Indonesia Jakarta
95%
21.2 mil China Beijing
94%
16.9 mil Thailand Bangkok
92%
22.0 mil United States New York
91%
9.80 mil United States Chicago
89%
7.10 mil Canada Toronto
87%
6.85 mil Iraq Baghdad
86%
24.3 mil Pakistan Karachi
84%
16.0 mil India Kolkata
80%
6.20 mil United States Houston
70%
10.0 mil India Chennai
63%
5.50 mil United States Atlanta
57%
5.70 mil United States Detroit
57%
11.4 mil China Tianjin
51%
9.60 mil China Chengdu
46%
5.95 mil Indonesia Bandung
40%
6.85 mil China Nanjing
39%
5.70 mil China Qingdao
21%
7.95 mil China Shantou
21%
5.90 mil China Wenzhou
17%
No matching quizzes found
Score Distribution
Percent of People with Each Score
Percentile by Number Answered
Your Score History
You have not taken this quiz